000 00206nam a22000857a 4500
020 _a9772455915000
082 _aK050
245 _aNATIONAL GEOGRAPHIC KIDS 9 ANIMALS THAT CHANGED THE WORLD MAY 2019
942 _cBK
999 _c5580
_d5580